Exequias de la lengua castellana / (Record n. 10956)

Dettagli MARC
000 -LEADER
fixed length control field 00784nam a2200217 i 4500
003 - CONTROL NUMBER IDENTIFIER
control field IT-RoINE
005 - DATE AND TIME OF LATEST TRANSACTION
control field 20160209082521.0
008 - FIXED-LENGTH DATA ELEMENTS--GENERAL INFORMATION
fixed length control field 900725s1956 sp r | spa d
040 ## - CATALOGING SOURCE
Original cataloging agency SpMaBN
Language of cataloging spa
Transcribing agency A2 IT-RoINE
Modifying agency IT-RoINE
100 1# - MAIN ENTRY--PERSONAL NAME
Personal name Forner, Juan Pablo,
Dates associated with a name 1756-1797
9 (RLIN) 22594
245 10 - TITLE STATEMENT
Title Exequias de la lengua castellana /
Statement of responsibility, etc por Don Juan Pablo Forner ; edición, introducción y notas de Pedro Sáinz y Rodriguez.
260 ## - PUBLICATION, DISTRIBUTION, ETC. (IMPRINT)
Place of publication, distribution, etc Madrid :
Name of publisher, distributor, etc Espasa-Calpe,
Date of publication, distribution, etc 1956.
300 ## - PHYSICAL DESCRIPTION
Extent XXXIX, 211 p. ;
Dimensions 19 cm.
336 ## - CONTENT TYPE
Source rdacontent
Content type term text
337 ## - MEDIA TYPE
Source rdamedia
Media type term unmediated
338 ## - CARRIER TYPE
Source rdacarrier
Carrier type term volume
490 1# - SERIES STATEMENT
Series statement Clásicos castellanos ;
Volume number/sequential designation 66
700 1# - ADDED ENTRY--PERSONAL NAME
Personal name Sainz Rodríguez, Pedro,
Dates associated with a name 1898-1986
9 (RLIN) 5901
830 #0 - SERIES ADDED ENTRY--UNIFORM TITLE
9 (RLIN) 22520
Uniform title Clásicos castellanos (Espasa-Calpe) ;
Volume number/sequential designation 66
942 ## - ADDED ENTRY ELEMENTS (KOHA)
Item type Monografías
Dati di copia
Withdrawn status Lost status Damaged status Not for loan Home library Current library Date acquired Total Checkouts Full call number Barcode Date last seen Price effective from Koha item type
        Iglesia Nacional Española en Roma Iglesia Nacional Española en Roma 09/02/2016   COL.A 31.66 19304 09/02/2016 09/02/2016 Monografías